WHAT TO EXPECT WHEN YOU'RE EXPECTING - PREGNANCY BOOK (Record no. 6976)

MARC details
000 -LEADER
fixed length control field 00245nam a22001097a 4500
020 ## - INTERNATIONAL STANDARD BOOK NUMBER
ISBN 9780761148579
082 ## - DEWEY DECIMAL CLASSIFICATION NUMBER
Classification number 610
100 ## - MAIN ENTRY--AUTHOR NAME
Personal name MURKOFF, HEIDI
245 ## - TITLE STATEMENT
Title WHAT TO EXPECT WHEN YOU'RE EXPECTING - PREGNANCY BOOK
300 ## - PHYSICAL DESCRIPTION
Number of Pages 614P
942 ## - ADDED ENTRY ELEMENTS (KOHA)
Koha item type Books
Holdings
Home library Current library Shelving location Date acquired Cost, normal purchase price Full call number Accession Number Koha item type
Beautiful Minds Library Beautiful Minds Library General Stacks 25/07/2022 6.99 610 MUR E3915 Books
analytics